000 00927nam a22002657a 4500
003 DO-SdBNP
005 20221003114548.0
007 ta
008 221003b2005 dr d|||| |||| 00| 0 spa d
020 _a9789945130041
040 _aDO-SdBNP
_bspa
_cBNPHU
082 4 _222
245 0 0 _acambios en la sociedad cubana desde los noventa /
_ceditores Joseph S. Tulchin, Lilian Bobea, Mayra P. Espina Prieto, Rafael Hernández ; colaboradora Elizabeth Bryan
260 _aSanto Domingo :
_bFLACSO,
_c2005.
300 _a362 p. :
_bgráficos ;
_c23 cm.
500 _aIncluye referencias bibliográficas
590 _aInventariado, 2022/BT
700 1 _aS. Tulchin, Joseph,
_eeditor
_982470
700 1 _aBobea, Lilian,
_eeditor
_911661
700 1 _aEspina Prieto, Mayra P.
_eeditor
_982471
700 1 _aHernández, Rafael,
_eeditor
_982472
700 1 _aBryan, Elizabeth
_ecol.
_982473
910 _aBtavárez
942 _2ddc
_cLBS1
999 _c52508
_d52508